000 00210 a2200097 4500
001 4472
100 _aLadner,A.W
245 _aShort wave wireless communication
260 _a
_bChapman
_c
090 _c3670
_d3670
942 _aNUST-CAE
_cM
_c29669
999 _c239545
_d239545